Deutsche Literatur - Ältere deutsche Literatur - Statistiken

Allgemein
  • Dieses Quiz wurde 133 mal gespielt
  • Das Durchschnittsergebnis liegt bei 6 aus 24
Antwortstatistiken
Frage Antwort % Korrekt
Weibliche Hauptfigur in dessen "Tristan"-Roman Isolde
79%
Literarisches Hauptwerk mit unklarem Urheber Nibelungenlied
75%
Vermutlich bedeutendster deutschsprachiger Dichter des Mittelalters Walther von der Vogelweide
75%
Lyrische Gattung, mit ihm besonders verbunden Minnesang
71%
Zentraler mythischer Held in diesem Werk Siegfried
56%
Versroman Wolframs von Eschenbach Parzival
32%
Sagenfigur aus Heldenlieder, Ritter aus Bern Dietrich
27%
Auffindungsort und Namensgeber altdeutscher Zaubersprüche Merseburg
27%
Ort einer bedeutenden Stiftsbibliothek in der heutigen Schweiz St. Gallen
25%
Epiker, Autor des "Erec" und "Iwein" Hartmann von Aue
22%
Umfangreichste Liederhandschrift, aufbewahrt in Heidelberg Codex Manesse
21%
Althochdeutsches Heldenlied aus dem 9. Jahrhundert Hildebrandslied
16%
Ort, den man mit dem Versepiker "Gottfried" verbindet Straßburg
16%
Berühmtes Rechtswerk in niederdeutscher Sprache Sachsenspiegel
15%
Literarische Gattung mit Bezug zu den Rittern der Tafelrunde Artusroman
14%
Versepos des 13. Jahrhunderts, unbekannter Verfasser, Vorbild für Wagner Lohengrin
10%
Mäzen dieses Dichters, römisch-deutscher König ab 1199 Philipp von Schwaben
8%
Mythische Person, Mittelpunkt vieler Antikenromane Aeneas
7%
Historische Person, Mittelpunkt vieler Antikenromane Alexander der Große
7%
Verfasser vieler Mären und der Streiche des "Pfaffen" Amis, bekannt durch Künstlernamen Der Stricker
4%
Dessen Verslegende über einen "guten Sünder", Vorbild für Thomas Mann Gregorius
4%
"Erste deutsche Dichterin", schrieb Dramen in mittellateinischer Sprache Hrotsvit von Gandersheim
2%
Literarische Gattung kürzerer Verserzählungen Märe
2%
Tierepos der mittelniederdeutschen Literatur, Vorbild für Goethe Reynke de vos
1%
Keine übereinstimmenden Quizze gefunden
Verteilung der Resultate
Anzahl Personen mit jedem Resultat
Perzentil nach korrekt beantworteten Fragen
Ihre Resultats-Entwicklung
Sie haben dieses Quiz noch nicht gespielt